000 00284nam a22001337a 4500
008 170913b xxu||||| |||| 00| 0 eng d
020 _a0155117343
041 _aeng
080 _24TH
_a53
100 _a43
101 _aFIZ
245 _aCOLLEGE PHYSICS
_cMILLER,F
942 _2udc
_cBK
999 _c27409
_d27409